| 000 | 00635nam a22001817a 4500 | ||
|---|---|---|---|
| 005 | 20251108170510.0 | ||
| 008 | 250721s2000 xx 000 0 ara d | ||
| 082 | 1 | 4 | _a218.5/عام |
| 100 | 1 | _aبني عامر، محمد أمين حسن محمد | |
| 245 | 1 | 0 |
_aخصائص الدعوة الإسلامية : _bمصادرها . عالميتها . شمولها / |
| 264 | 1 |
_aعمان : _bالدار العلمية الدولية للنشر، _c2000. |
|
| 300 | _a370ص | ||
| 650 | 1 | 7 | _aالدعوة الإسلامية |
| 650 | 1 | 7 | _aالأحكام السلطانية |
| 650 | 1 | 7 | _aالإسلام |
| 942 |
_2ddc _cBK |
||
| 999 |
_c41961 _d41961 |
||